| 000 | 01308nam a22003497a 4500 | ||
|---|---|---|---|
| 003 | CHAP | ||
| 005 | 20220329141516.0 | ||
| 008 | 971013s1984 r 00010 d | ||
| 010 | _a69288 | ||
| 011 | _a70260 | ||
| 035 | _a79741 | ||
| 040 | _cCHAP | ||
| 082 |
_a636.089 _bK5Y |
||
| 100 | 0 | 0 |
_aKirk, Robert. _963344 |
| 245 |
_aTerapéutica veterinaria _b: práctica cliníca en especies pequeñas |
||
| 260 |
_aMéxico : _bCompañia Editorial Continental, _c1984 |
||
| 300 |
_a4 v. _b: ilus. |
||
| 500 | _a33-191 | ||
| 590 |
_aBATCH-UPD _b10 _c20130110 _lUCH01 _h0321 |
||
| 590 |
_aBATCH-UPD _b10 _c20130410 _lUCH01 _h1622 |
||
| 590 |
_aBATCH-UPD _b10 _c20130914 _lUCH01 _h1708 |
||
| 590 |
_aCONVERSION _b10 _c20130109 _lUCH01 _h1338 |
||
| 650 | 1 | 4 |
_aVeterinaria. _9118987 |
| 650 | 1 | 4 |
_aVeterinaria _xDiagnóstico. _9118992 |
| 650 | 1 | 4 |
_aVeterinaria _xMedicamentos. _9119002 |
| 901 | _aBK | ||
| 942 | _cLIBRO | ||
| 949 |
_a636.089 K5Y _bBC _cLIBRO _d33724000272779 _eLIBRO _fv.1 _gI.14761 _h76483 _i79741 _si _t21.00 |
||
| 949 |
_a636.089 K5Y _bBC _cLIBRO _d33724000272787 _eLIBRO _fv.2 _gI.147616 _h76484 _i79741 _si _t21.00 |
||
| 949 |
_a636.089 K5Y _bBC _cLIBRO _d33724000272795 _eLIBRO _fv.3 _gI.147616 _h76485 _i79741 _si _t21.00 |
||
| 949 |
_a636.089 K5Y _bBC _cLIBRO _d33724000272803 _eLIBRO _fv.4 _gI. 147616 _h76486 _i79741 _si _t21.00 |
||
| 999 |
_c69288 _d69288 |
||